[Event "Campillos op 10th"]
[Site "Campillos"]
[Date "2007.02.25"]
[Round "2.13"]
[White "Recuero Guerra, David"]
[Black "Valero Cano, Emilio"]
[Result "1-0"]
[WhiteElo "2357"]
[BlackElo "2081"]
[PlyCount "29"]
[EventDate "2007.02.24"]
[EventType "swiss"]
[EventRounds "9"]
[EventCountry "ESP"]
[SourceTitle "CBM 117 Extra"]
[Source "ChessBase"]
[SourceDate "2007.05.09"]
[SourceVersion "1"]
[SourceVersionDate "2007.05.09"]
[SourceQuality "1"]

1. e4 e6 2. d4 d5 3. Nc3 dxe4 4. Nxe4 Nd7 5. Nf3 Be7 6. Bd3 Ngf6 7. c3 0-0 8. Nxf6+ Bxf6 9. h4 c5 10. Qc2 g6 11. h5 Re8 12. hxg6 hxg6 13. Bxg6 fxg6 14. Qxg6+ Bg7 15. Ng5 1-0